000 01565nam a2200337 i 4500
003 EG-GICUC
005 20260407163753.0
008 260407s1991 ua |fr|||| 00| 0 ara d
040 _a EG-GICUC
_bara
_c EG-GICUC
_d EG-GICUC
_erda
041 1 _aara
082 0 4 _221
_a341.52
_bس ع . ج
092 0 4 _221
099 _aLaw1 11 341.52 س ع . ج 1991
100 0 _aسعيد سالم جويلي
_eمؤلف.
245 1 2 _aطرق تسوية المنازعات الدولية للبيئة :
_bالطرق الدولية - الطرق الداخلية /
_cدكتور سعيد سالم جويلي.
264 1 _aالزقازيق:
_bالمجلة القانونية الاقتصادية،
_c1991.
300 _a194 صفحة،
_c24 سم.
_bإيضاحيات، صور، مثيليات ؛
336 _2rda content
_atext
337 _2rda media
_aComputer
338 _2rda carrier
_aOnline Resource
500 _aمستخرجات الععد الثالث من المجلة القانونية الاقتصادية مجلة سنوية تصدرها كلية حقوق - جامعة الزقازيق
504 _a ببليوجرافيا: صفحات 188-194.
504 _aيشتمل على إرجاعات ببليوجرافية.
546 _aالنص باللغة العربية
590 _aإهداء مكتبة الأستاذ الدكتور صلاح عامر
650 1 4 _aالقانون الدولي العام
_2qrmak
651 1 _2qrmak
856 4 0 _uhttps://fll.law.cu.edu.eg/fulltext/bks/B11-09869.pdf
905 _a48
942 _2ddc
_cBK
_e21
_n0
999 _c69466
_d69466